| 000 | 01254cam a2200325 i 4500 | ||
|---|---|---|---|
| 001 | 13660 | ||
| 003 | BD-JhCC | ||
| 005 | 20240313151308.0 | ||
| 008 | 170417s2019 enkabf b 001 0 eng d | ||
| 020 | _a9781781382424 | ||
| 020 | _a1781382425 | ||
| 035 | _a(OCoLC)13660 | ||
| 040 |
_aCOO _cCOO _erda _dYDXCP _dERASA _dUKBRU _dYDX _dOCLCF _dSTF _dVGM _dDLC |
||
| 041 | _aenglish | ||
| 050 | 0 | 0 |
_aDA198.5 _b.C74 2016 |
| 082 | 0 | 0 |
_a942.024 _223 _bDAL 2019 |
| 100 | 1 |
_a Dalrymple, William _q(Oliver Hamilton), _d1972- |
|
| 245 | 1 | 4 |
_aThe Anarchy : _bThe East India Company,Corporate Violence,And The Pillage Of An Empire / _cWilliam Dalrymple. |
| 260 |
_aLondon: _bBloomsbury; _c2019. |
||
| 300 |
_a569 p. : _billustrations (some color), maps ; _c24 cm. |
||
| 490 | 1 | _aExeter studies in medieval Europe, | |
| 504 | _aIncludes bibliographical references (pages 295-332) and index. | ||
| 650 | 0 |
_aEast India Company _yEast India Company History _vHistory _zInde Histoire 1765-1947 (Occupation britannique) |
|
| 651 | 0 |
_aGreat Britain _xHistory _yStephen, 1135-1154. |
|
| 651 | 0 |
_aGreat Britain _xAntiquities _y12th century. |
|
| 651 | 7 | _aGreat Britain. | |
| 655 | 7 |
_aHistory. _2fast |
|
| 830 | 0 | _aExeter studies in medieval Europe. | |
| 942 |
_2ddc _cBK |
||
| 999 |
_c13660 _d13660 |
||